Thimbletack's mission / (Record no. 6771)
[ view plain ]
| 000 -LEADER | |
|---|---|
| fixed length control field | 01569cam a2200385 a 4500 |
| 001 - CONTROL NUMBER | |
| control field | 6771 |
| 003 - CONTROL NUMBER IDENTIFIER | |
| control field | FISKH |
| 005 - DATE AND TIME OF LATEST TRANSACTION | |
| control field | 20250829142809.0 |
| 008 - FIXED-LENGTH DATA ELEMENTS--GENERAL INFORMATION | |
| fixed length control field | 070806s2008 nyua j 000 1 eng |
| 010 ## - LIBRARY OF CONGRESS CONTROL NUMBER | |
| LC control number | 2007028602 |
| 020 ## - INTERNATIONAL STANDARD BOOK NUMBER | |
| International Standard Book Number | 9781416949497 |
| 020 ## - INTERNATIONAL STANDARD BOOK NUMBER | |
| International Standard Book Number | 1416949496 |
| 040 ## - CATALOGING SOURCE | |
| Original cataloging agency | DLC |
| Transcribing agency | DLC |
| Modifying agency | DLC |
| -- | DLC |
| Language of cataloging | eng |
| 050 ## - LIBRARY OF CONGRESS CALL NUMBER | |
| Classification number | PZ7.F8687 T |
| 082 ## - DEWEY DECIMAL CLASSIFICATION NUMBER | |
| Classification number | 306 |
| 100 1# - MAIN ENTRY--PERSONAL NAME | |
| Personal name | Frazer, Rebecca. |
| 245 10 - TITLE STATEMENT | |
| Title | Thimbletack's mission / |
| Statement of responsibility, etc. | by Rebecca Frazer ; based on the screenplay by Karey Kirkpatrick and David Berenbaum and John Sayles ; from the books by Tony DiTerlizzi and Holly Black. |
| 260 ## - PUBLICATION, DISTRIBUTION, ETC. | |
| Place of publication, distribution, etc. | New York : |
| Name of publisher, distributor, etc. | Simon Spotlight, |
| Date of publication, distribution, etc. | 2008. |
| 300 ## - PHYSICAL DESCRIPTION | |
| Extent | 32 pages : |
| Other physical details | color illustrations ; |
| Dimensions | 23 cm |
| 490 0# - SERIES STATEMENT | |
| Series statement | Ready-to-read |
| Volume/sequential designation | Level 3 |
| 505 ## - FORMATTED CONTENTS NOTE | |
| Formatted contents note | L<br/><br/> |
| 520 ## - SUMMARY, ETC. | |
| Summary, etc. | Thimblejack is angry. His quiet home as been turned upside down, Invaded by several noisy, troublesome creatures - a family, in fact, known as the Graces. The one who's causing the most trouble is a boy named Jared. And when Jared takes the book that Thimbletack has spent his whole life guarding, the house brownie decides that it's time to take action! |
| 521 8# - TARGET AUDIENCE NOTE | |
| Target audience note | 510<br/> |
| Source | Lexile estimate <br/> |
| 521 8# - TARGET AUDIENCE NOTE | |
| Target audience note | L<br/> |
| Source | Raz-Plus<br/> |
| 650 ## - SUBJECT ADDED ENTRY--TOPICAL TERM | |
| Topical term or geographic name entry element | Fantasy |
| Form subdivision | Spiderwick Chronicles |
| 700 1# - ADDED ENTRY--PERSONAL NAME | |
| Personal name | Kirkpatrick, Karey. |
| 700 1# - ADDED ENTRY--PERSONAL NAME | |
| Personal name | Berenbaum, David. |
| 700 1# - ADDED ENTRY--PERSONAL NAME | |
| Personal name | Sayles, John, |
| Dates associated with a name | 1950- |
| 700 1# - ADDED ENTRY--PERSONAL NAME | |
| Personal name | DiTerlizzi, Tony. |
| 700 1# - ADDED ENTRY--PERSONAL NAME | |
| Personal name | Black, Holly. |
| 730 0# - ADDED ENTRY--UNIFORM TITLE | |
| Uniform title | Spiderwick chronicles (Motion picture) |
| 906 ## - LOCAL DATA ELEMENT F, LDF (RLIN) | |
| a | 7 |
| b | cbc |
| c | orignew |
| d | 1 |
| e | ecip |
| f | 20 |
| g | y-gencatlg |
| 942 ## - ADDED ENTRY ELEMENTS (KOHA) | |
| Source of classification or shelving scheme | Dewey Decimal Classification |
| Koha item type | Books |
| Suppress in OPAC | No |
| Withdrawn status | Lost status | Source of classification or shelving scheme | Damaged status | Not for loan | Collection | Home library | Current library | Shelving location | Date acquired | Total Checkouts | Full call number | Barcode | Date last seen | Copy number | Price effective from | Koha item type |
|---|---|---|---|---|---|---|---|---|---|---|---|---|---|---|---|---|
| Dewey Decimal Classification | Juvenile Fiction | Footprints International School Library Network Toul Kork Campus | Footprints International School Library Network Toul Kork Campus | TK Primary Library Room(4th Floor), Bookcase 3&4, Shelves 17-32, Yellow Books | 05/27/2025 | FRA 306 PZ7.F8687 T | FISTK01987 | 05/27/2025 | 1 | 05/27/2025 | Books | |||||
| Dewey Decimal Classification | Juvenile Fiction | Footprints International School Library Network Toul Tom Poung Campus | Footprints International School Library Network Toul Tom Poung Campus | TTP Primary Yellow Bookshelves | 08/29/2025 | FRA 306 PZ7.F8687 T | FIS03086 | 08/29/2025 | 2 | 08/29/2025 | Books |
